Tilastot visalle Etelä-Savo-visa

Klikkaa tästä pelataksesi tätä visaa!

Yleistilastot

  • Tätä visaa on pelattu 557 kertaa
    (535 viimeisimmän päivityksen jälkeen)
  • Keskiarvotulos 11 / 15

Vastaustilastot

VihjeVastaus% Oikein
Suomen suurin järviSaimaa
98%
Järvessä elävä uhanalainen nisäkäslajiSaimaannorppa
96%
Väkirikkain kunta ja maakuntakeskusMikkeli
94%
Toiseksi väkirikkain kuntaSavonlinna
93%
Kunnassa sijaitseva, 1400-luvulla rakennettu linnaOlavinlinna
88%
Yli 25 prosenttia maakunnan pinta-alasta koostuu näistäVesistöistä
88%
Vedessä kasvava maakuntakukkaLumme
80%
Etelä-Savolla on lähes identtinen vaakuna tämän maakunnan kanssaPohjois-Savo
77%
Lääni, johon maakunta kuului vuoteen 2009 asti{Itä}-{Suomen} lääni
75%
Eteläsavolainen meteorologiPekka Pouta
71%
Kansallismaisemaksi luokiteltu harju{Punka}harju
66%
Vahakabinetista ja matkailukeskuksesta tunnettu kaupunginosaVisulahti
65%
Kesämökeistä tunnettu saaristokuntaPuumala
61%
Entinen kunta, jonka kirkkoa on (virheellisesti) kutsuttu maailman suurimmaksi puukirkoksiKerimäki
53%
Kangasniemellä syntynyt, Tiskarin polkka-kappaleen laulanut amerikansuomalainenHiski Salomaa
26%

Tulosjakauma

Persentiili vastausten määrän mukaan

Jokaisen tuloksen saaneiden osuus

Tuloshistoriasi

Et ole pelannut tätä visaa sen viimeisimmän päivityksen jälkeen